000 00816nam a2200229Ia 4500
003 GCL
005 20240530111000.0
008 140319s1993 ua a 000 0 ara d
040 _aGCL /
_cGCL
082 0 4 _a658.835
_bأ م
100 0 _aاسماعيل محمد السيد
245 1 2 _aالمدخل المنهجى فى دراسات جدوى المشروع /
_cاسماعيل محمد السيد
260 _aالاسكندرية :
_bالمكتب العربى الحديث ،
_c1993
300 _a352 ص. :
_bايض ؛
_e24 سم.
650 0 7 _2qrmak
_aالتخطيط الاقتصادى
650 0 7 _2qrmak
_aتنظيم وادارة
650 0 7 _2qrmak
_aالاسواق
650 0 7 _2qrmak
_aالمشروعات
650 0 7 _2qrmak
_aالبحوث
650 0 7 _2qrmak
_aدراسة الجدوى
942 _2ddc
_cBK
999 _c67158
_d67158